000 00215nam a2200073Ia 4500
008 170817s9999 xx 000 0 und d
100 _aN.C.E.R.T.
245 0 _aRasstrirya Pathyachrya Kee Ruprekha 2005 HasstShillpo Kee Dhroher
260 _bN.C.E.R.T.
999 _c38184
_d38184